Êtes-vous rapide ? Test de rapidité 7 notes - Statistiques

Statistiques générales
  • Ce quiz a été pris 555 fois
  • Le résultat moyen est 7 sur 7
Statistiques - réponses
Note % Correct
Do
100%
Mi
99%
99%
Fa
98%
Sol
96%
La
95%
Si
95%
Aucun quiz correspondant
Distribution des résultats
% des personnes avec chaque résultat
Percentile par nombre de réponses
Votre historique - résultats
Vous n’avez pas pris ce quiz